A-Z Countries by Picture:Easy - Statistics

General Stats
  • This quiz has been taken 21 times
  • The average score is 19 of 24
Answer Stats
Picture Answer % Correct
Australia
100%
Canada
100%
United States
100%
Denmark
95%
India
90%
Japan
90%
New Zealand
90%
Russia
90%
Madagascar
85%
Finland
80%
Haiti
80%
Thailand
80%
Greenland
75%
Oman
75%
Kazakhstan
70%
Libya
70%
Peru
70%
Saudi Arabia
70%
Yemen
70%
Qatar
65%
Belize
60%
Ecuador
60%
Zimbabwe
60%
Venezuela
55%
No matching quizzes found
Score Distribution
Percent of People with Each Score
Percentile by Number Answered
Your Score History
You have not taken this quiz